KOHA-Header-6

Hacking Exposed Computer Forensics: Secrets & Solutions (Record no. 13832)

000 -LEADER
fixed length control field 00354nam a22001337a 4500
020 ## - INTERNATIONAL STANDARD BOOK NUMBER
ISBN 9780071626774
082 ## - DEWEY DECIMAL CLASSIFICATION NUMBER
Classification number 005.8
100 ## - MAIN ENTRY--AUTHOR NAME
Personal name Aaron Philipp ; David Cowen ; Chris Davis
245 ## - TITLE STATEMENT
Title Hacking Exposed Computer Forensics: Secrets & Solutions
250 ## - EDITION STATEMENT
Edition statement 2nd edition
260 ## - PUBLICATION, DISTRIBUTION, ETC. (IMPRINT)
Place of publication New York
Name of publisher McGraw Hill
Year of publication 2010
300 ## - PHYSICAL DESCRIPTION
Number of Pages 518 pages
942 ## - ADDED ENTRY ELEMENTS (KOHA)
Koha item type Books
Holdings
Withdrawn status Lost status Collection code Permanent Location Current Location Shelving location Date acquired Full call number Accession Number Koha item type
    Computer Science MAJU MAJU Shelf No.A31 2023-12-05 005.8 10924 Computer Science

Powered by Koha